| 000 | 00696nam a2200133Ia 4500 | ||
|---|---|---|---|
| 008 | 171212s9999 xx 000 0 und d | ||
| 020 | _a9780833044525 | ||
| 100 | _aKent, Glenn A.;Frelinger, David R. | ||
| 245 |
_cKent, Glenn A.;Frelinger, David R. _aThinking About America's Defense _bAn Analytical Memoir |
||
| 260 |
_bRAND Corporation _c2008 |
||
| 650 | _aMilitary planning -- United States; United States. Air Force -- Officers -- Biography; Generals -- United States -- Biography; Strategic forces -- United States; National security -- United States; United States -- Defenses -- Decision making; United Stat | ||
| 650 | _aPolitical Science | ||
| 856 | _uwww.jstor.org/stable/10.7249/op223af | ||
| 999 |
_c352740 _d352740 |
||